| 000 | 00320nam a2200121Ia 4500 | ||
|---|---|---|---|
| 008 | 240731s9999 xx 000 0 und d | ||
| 022 | _a2637-9120 | ||
| 245 | 0 | _aJournal of Women and Gender in Higher Education | |
| 260 | _bRoutledge | ||
| 856 | _uhttps://www.tandfonline.com/loi/uwhe21 | ||
| 942 | _2ddc | ||
| 942 | _cTFEJ | ||
| 999 |
_c78281 _d78281 |
||
| 945 |
_a1 _bMadushi Gamage _c1 _dMadushi Gamage |
||